书目信息 |
| 题名: |
建设工程监理基本理论与相关法规
|
|
| 作者: | 杨伟 , 陈烜 主编 | |
| 分册: | ||
| 出版信息: | 北京 中国建筑工业出版社 2015.01 |
|
| 页数: | 214页 | |
| 开本: | 26cm | |
| 丛书名: | 全国监理工程师执业资格考试模拟实战与考点分析 | |
| 单 册: | ||
| 中图分类: | TU712.2 | |
| 科图分类: | ||
| 主题词: | 建筑工程--jian zhu gong cheng--监理工作--资格考试--题解 , 建筑法--jian zhu fa--中国--资格考试--题解 | |
| 电子资源: | ||
| ISBN: | 978-7-112-16026-6 | |
| 000 | 01339nam 2200301 450 | |
| 001 | CAL 0120151506790 | |
| 005 | 20150811144149.14 | |
| 010 | @a978-7-112-16026-6@dCNY33.00 | |
| 100 | @a20150519d2015 em y0chiy50 ea | |
| 101 | 0 | @achi |
| 102 | @aCN@b110000 | |
| 105 | @ay q 000yy | |
| 106 | @ar | |
| 200 | 1 | @a建设工程监理基本理论与相关法规@Ajian she gong cheng jian li ji ben li lun yu xiang guan fa gui@f本书编委会编 |
| 210 | @a北京@c中国建筑工业出版社@d2015.01 | |
| 215 | @a214页@d26cm | |
| 225 | 2 | @a全国监理工程师执业资格考试模拟实战与考点分析@Aquan guo jian li gong cheng shi zhi ye zi ge kao shi mo ni shi zhan yu kao dian fen xi@e2015 |
| 314 | @a书内题: 杨伟, 陈烜主编 | |
| 330 | @a本书是全国监理工程师执业资格考试的复习参考书, 依据最新版考试大纲的要求编写。编者依据考试“点多、面广、题量大、分值小”的特点, 精心研究历年考试真题, 通过考试命题的规律, 预测考试试题可能的命题方向和考查重点, 编写了八套模拟试卷, 供考生冲刺所用。 | |
| 410 | 0 | @12001 @a全国监理工程师执业资格考试模拟实战与考点分析 (2015) |
| 586 | @a | |
| 606 | 0 | @a建筑工程@Ajian zhu gong cheng@x监理工作@x资格考试@j题解 |
| 606 | 0 | @a建筑法@Ajian zhu fa@y中国@x资格考试@j题解 |
| 690 | @aTU712.2@v5 | |
| 701 | 0 | @a杨伟@Ayang wei@4主编 |
| 701 | 0 | @a陈烜@Achen hui@4主编 |
| 801 | 0 | @aCN@c20150820 |
| 905 | @a河南城建学院图书馆@dTU712.2@eJ311@f3 | |
| 建设工程监理基本理论与相关法规/本书编委会编.-北京:中国建筑工业出版社,2015.01 |
| 214页;26cm.-(全国监理工程师执业资格考试模拟实战与考点分析:2015) |
| ISBN 978-7-112-16026-6:CNY33.00 |
| 本书是全国监理工程师执业资格考试的复习参考书, 依据最新版考试大纲的要求编写。编者依据考试“点多、面广、题量大、分值小”的特点, 精心研究历年考试真题, 通过考试命题的规律, 预测考试试题可能的命题方向和考查重点, 编写了八套模拟试卷, 供考生冲刺所用。 |
| ● |
| 相关链接 |
|
|
|
正题名:建设工程监理基本理论与相关法规
索取号:TU712.2/J311
 
预约/预借
| 序号 | 登录号 | 条形码 | 馆藏地/架位号 | 状态 | 备注 |
| 1 | 1163776 | 211637763 | 建筑库201/201建筑库 23排3列2层/ [索取号:TU712.2/J311] | 在馆 | |
| 2 | 1163777 | 211637772 | 建筑库201/201建筑库 23排3列2层/ [索取号:TU712.2/J311] | 在馆 | |
| 3 | 1163778 | 211637781 | 建筑库201/201建筑库 23排3列2层/ [索取号:TU712.2/J311] | 在馆 |